00930nam a22001457a 4500003000900000008004100009040007100050082002200121100002100143245002500164260005400189300005100243505046700294650002300761AR-CdUCM190328b ||||| |||| 00| 0 spa d aMUNICIPALIDAD PROVINCIAL DEL CUSCOcBIBLIOTECA MUNICIPAL DEL CUSCO a909 /bC25 / 1875 aCantú, César aHistoria universal / aParís :bLibrería de Garnier hermanos,c1875. atomos ;bilustraciones a color y b/n ;c27 cm. aContenido : t.4: Los municipios - Caida del imperio de oriente -- Los descubrimientos -- t.1: Creacion y dispersion de los hombres -- aclaraciones -- persia -- politica exterior -- guerras punicas -- t.2: Guerras civiles, aclaraciones al libro V, desde cristo a constantino -- t.3: los barbaros, Mahoma, desde Carlo Magno hasta las Cruzadas -- t.5: el siglo décimosexto, el siglo décimosétimo -- t.6: concecuencias de la paz en Utrecht, anamblea naciona... aHistoria universal